History Quiz

Random History or War Quiz

World War II Leaders: Axis or Allies? Quiz Stats

 Plays Quiz Updated Jul 1, 2015

Support Sporcle.
Go Orange.
Score 0/30 Timer 03:00
3 Plays Today
Leader Type 'X' for Axis or 'L' for Allies % Correct
Winston Churchill???
97.7%
Adolf Hitler???
97.6%
Isoroku Yamamoto???
96.4%
George S. Patton???
96%
George Marshall???
95.9%
Jimmy Doolittle???
95.7%
Benito Mussolini???
95.5%
Franklin D. Roosevelt???
94.9%
Heinrich Himmler???
94.2%
Dwight D. Eisenhower???
93.9%
Bernard Montgomery???
93.6%
Harry S. Truman???
92.2%
Hermann Göring???
91.9%
Hirohito???
91.5%
Charles de Gaulle???
90.7%
Leader Type 'X' for Axis or 'L' for Allies % Correct
Henry 'Hap' Arnold???
89.5%
Italo Balbo???
89.3%
Joseph Goebbels???
88.7%
Karl Dönitz???
87.2%
Gerd von Rundstedt???
86.3%
Gunichi Mikawa???
86.2%
Erich von Manstein???
86%
Josef Mengele???
82.9%
Paul Tibbets???
82.9%
Louis Mountbatten???
81.9%
Erwin Rommel???
81.7%
Georgy Zhukov???
81.5%
Josef Stalin???
74.4%
Chester Nimitz???
71%
Chiang Kai-shek???
60.3%

From the Vault

4x4 Grid Match: Movies

by metakoopa99

Movies 4m
Movies and quizzes are a match made in heaven.
Remove Ads.
Support Sporcle.
Get the best of Sporcle when you Go Orange. This ad-free experience offers more features, more stats, and more fun while also helping to support Sporcle. Thank you for becoming a member.

Show Comments

Extras

Top Quizzes Today


Score Distribution

Your Account Isn't Verified!

In order to create a playlist on Sporcle, you need to verify the email address you used during registration. Go to your Sporcle Settings to finish the process.

Report this User

Report this user for behavior that violates our Community Guidelines.

Details: